00530nam a2200193 a 4500001001300000003000900013005001700022008004100039020000800080082001300088100001600101245008000117260003800197300000900235500003500244505001700279650002400296700001600320nice12345678IN_TiNIC20260116011503.0050524s1962 laha grp 000 0 eng  ac000a923bIRV aIrving, T B aFalcon of Spainb Study of Eighth Century Spain, With Special Emphasis Upon aLahorebSh. Muhammad Ashrafc1962 a203p aincludes index and biblioraphy2 abibliography aIslam-History-Spain1 aIrving, T B